| 000 | 01734nam a2200385 c 4500 | ||
|---|---|---|---|
| 999 |
_c88107 _d88107 |
||
| 003 | BLK | ||
| 005 | 20240821103549.0 | ||
| 008 | 180408b bul|||||r ||||||| ||bul|| | ||
| 010 | _aKNG00092763000 | ||
| 020 | _a978-954-27-0386-0 | ||
| 040 | _aBLK | ||
| 041 |
_aBUL _cBUL |
||
| 080 |
_aИрландска литература (на Ейре) на английски език (вж и 821.152.1) _b821.111(417) _x-93-31 _z821.111(417)-93-31 |
||
| 100 | 1 |
_aШан, Дарън _eпърви автор _gО'Шонеси, Дарън (O'Shaughnessy, Darren) _9303015 |
|
| 139 |
_aШан, Дарън _bШ 22 |
||
| 245 | 1 | 0 |
_aИсторията на Дарън Шан _bКн. 1 - _cДарън Шан; прев. Владимир Георгиев Молев. _nКн. 2 _pЧиракът на вампира |
| 257 | _aGBR | ||
| 260 |
_c2009 - _fДобрич : Фолиарт |
||
| 300 | _c20 см | ||
| 380 | _aDX | ||
| 500 | _aОриг. загл. The Saga of Darren Shan / Darren Shan. - Дарън Шан е псевд. на Дарън О'Шонеси (Darren O'Shaughnessy). | ||
| 653 | _aвампири | ||
| 653 | _aхорър | ||
| 653 | _aлитература за деца | ||
| 653 | _aдетска литература | ||
| 700 | 1 |
_aМолев, Владимир Георгиев _eпрев. _998667 |
|
| 760 | 1 |
_aШан, Дарън _dЕгмонт България, 2009 _h160 с. _nОриг. загл. The Vampire's Assistant. _tКн. 2 Чиракът на вампира |
|
| 852 | _aЦб 246063 | ||
| 856 | 4 | _qpdf | |
| 856 | 4 | _qpdf | |
| 942 |
_cKNG _n0 _s1 _011 |
||
| 944 |
_aCR _c24.11.2009 _lЛиляна Коева _k30532 |
||
| 944 |
_aED _c12.01.2017 _lф / _kЛюдмила_Стоянова |
||
| 999 | _d88107 | ||